00226nam a2200097 a 4500001000500000005001700005008004100022050001700063100002100080245002700101414020140414132025.0090218s19uu xx 00 eng d aTRbIS9 1989 aGuarino, Deborah aIs your mama a Llama?.